000 00419nam a2200181Ia 4500
008 151202s9999||||xx |||||||||||||| ||und||
082 _bPNVM-71406
100 _aROBERTS NORA.
245 _aIrish Hearts.
260 _b"SILHOUETTE, LONDON."
260 _c1988
300 _a506
600 _aROBERTS NORA.
630 _aIrish Hearts.
700 _aROBERTS NORA.
730 _aIrish Hearts.
942 _cBOOK
999 _c1338015
_d1338012